000 00301nam a22001217a 4500
003 OSt
008 250207b |||||||| |||| 00| 0 eng d
041 _aeng
082 _a628.01
100 _aGarg, SanthoshKumar
_97097
245 _aEnvironmental Engieering Vol.1
_bWater Supply Engineering
942 _cBK
999 _c19328
_d19328